|
|
|
|
| LEADER |
00619nam a22001932a 4500 |
| 001 |
000379577 |
| 003 |
CZ BrMZK |
| 005 |
19980105143423.0 |
| 007 |
ta |
| 008 |
980105s1866 au f fre d |
| 040 |
|
|
|a BOA001
|b cze
|
| 100 |
1 |
|
|a Descartes, René,
|d 1596-1650
|7 jn19990001725
|
| 245 |
1 |
0 |
|a Meditationes de prima philosophia
|
| 260 |
|
|
|a Wien,
|c 1866
|
| 910 |
|
|
|a BOA001
|b 2-0009.193
|
| 990 |
|
|
|a BK
|
| 993 |
|
|
|a Y
|
| 996 |
6 |
|
|b 2619812831
|c 2-0009.193
|l MZK
|r Sklad / do 24 hodin
|n 0
|w 000379577
|u 000010
|a 1
|e BOA001
|j MZK50
|s P
|
| 996 |
6 |
|
|b 379577-10
|c 2-0009.193
|l MZK
|r Sklad / do 24 hodin
|n 0
|w 000379577
|u 000020
|a 1
|e BOA001
|j MZK50
|s P
|